BABYMONSTER Quiz (Are you a real MONSTIEZ?) - Statistics

General Stats
  • This quiz has been taken 791 times
  • The average score is 48 of 107
Answer Stats
Question Answer % Correct
Babymonster is under what entertainment? YG
96%
Which one is Babymonster's official fandom name? Monstiez
95%
Which one is Babymonster's lightstick?
94%
Who is Ruka?
94%
Who is Asa?
94%
Who is Ahyeon?
94%
Who is Chiquita?
94%
Who is Rora?
93%
Who is Rami?
93%
Who is Pharita?
92%
Who is the maknae? Chiquita
88%
Who is the main rapper? Ruka-Asa
87%
"Boom, boom, boom I'm 'bout to explode How can I feel more than this? I don't know" Which song do these lyrics belong to? Supa Dupa Luv
81%
Which single did they debut? BATTER UP
80%
Who is the main dancer? Ruka
80%
Who is the main vocalist? Ahyeon-Rami
75%
Which one is Babymonster's represent colors? Red-Black
71%
Whose birth name is Lee Dain? Rora
71%
Who is the center? Ahyeon
70%
What is Rami's birth name? Shin Haram
67%
What is the name of the group's pre-debut reality show? Last Evolution
63%
What is Babymonster's most viewed Mv? Sheesh
63%
How many members are Korean? 3
62%
What word does the stagename "Rora" come from? Aurora
60%
Who won grand prize & first place at Inter Model Thailand? Pharita
60%
Who is the oldest? Ruka
60%
Who are Thai? Pharita-Chiquita
59%
Who are Japanese? Ruka-Asa
58%
Which MV is filmed in black and white? Clik Clak
57%
Who sings the famous cover of "Dangerously"? Ahyeon
55%
Which member is named Kawai? Ruka
55%
"Maybe it's make believe, maybe it can be true I try to tell myself I’m not in love with you" Which song do these lyrics belong to? Stuck In The Middle
54%
When is Rami's birthday? 17 October 2007
53%
Who is the visual? Ahyeon-Rora
52%
Which date did they debut? 27 November 2023
51%
Who can speak fluently Chinese? Ahyeon
50%
Who temporarily did not debut with BABYMONSTER due to health issues? Ahyeon
49%
Who is the member with the shortest training time? Chiquita
49%
Who started learning Taekwondo for a while in 2014? Chiquita
48%
Which game is Babymonster collaborating with? Pubg Mobile
48%
On May 9, 2025 it was announced that Rami is taking a hiatus, due to health concerns? Rami
48%
When is Ruka's birthday? 20 March 2002
47%
Who was born in Tokyo, Japan? Asa
47%
Who is the sister of Copper Dechawat from the boy group BUS? Chiquita
47%
When is Chiquita's birthday? 17 February 2009
46%
Who is a former child model? Pharita
46%
What is the name of debut mini album? Babymons7er
44%
Who worked with NEWJEANS’ Hyein and they remain friends? Rora
44%
What is the title of their comedy-news web series? Baemon News 7
43%
Which singer gifted the song "Like That" to Babymonster? Charlie Puth
43%
Who was part of the kid girl group U.SSO Girl under the name U.ha? Rora
43%
"We will be beautiful And we'll stay together for all time" Which song do these lyrics belong to? Love In My Heart
42%
When is Rora's birthday? 14 August 2008
41%
Who has written and composed her own song? Asa
41%
"Now I finally found my wings I let go of everything Decided to follow my heart" Which song do these lyrics belong to? Dream
41%
Who is Ruka's roommate? Pharita
41%
Who plays the piano? Rora
40%
When is Ahyeon's birthday? 11 April 2007
39%
Who is Ahyeon's roommate? Chiquita
39%
Whose audition song was ‘How You Like That’ by BLACKPINK? Pharita
39%
Whose nickname is Look Pear? Pharita
39%
Which member speaks fluent English? Pharita
38%
Who is close with BLACKPINK‘s Lisa? Pharita
37%
What is Rami's representative color? Sky Blue
37%
When is Asa's birthday? 17 April 2006
36%
Who was part of the Korean cooking show Man vs Child Korea in 2018? Rora
33%
Who was born in Bangkok, Thailand? Pharita
32%
Who was a child model and child actress? Rora
32%
Who was a member of Japanese girl group, Shibu3 project? Ruka
32%
Who are attending Hanlim Arts High School? Ahyeon-Rami
30%
Who was a contestant on the survival show Idol Paradise under the name Pear? Pharita
30%
In the final debut announcement, who ranked #4? Rami
30%
Who auditioned with ‘Top Off’ by DJ Khaled (ft. JAY Z, Future, Beyoncé)? Ruka
30%
In the final debut announcement, who ranked #7? Asa
29%
When is Pharita's birthday? 26 August 2005
28%
Who passed JYP Entertainment’s and Banana Culture’s auditions? Ahyeon
28%
Who are the tallest members? Rami-Rora
27%
What is Chiquita's representative color? Magenta
26%
Who is the member that Lisa mentioned in the Rolling Stone Interview? Pharita
26%
Who is in Class 1-7, under the Department of Applied Music. (She is only person to have won a scholarship for her department)? Rami
26%
Who is the lead vocalist? Rora
26%
Who contributed to the lyrics and song composition (as well as choreo) for the 2NE1 Mash Up and Pick Up Your Feelings performances? Rami
25%
Who was the first member to be officially shown? Rami
24%
What is Asa's representative color? Verve Violet
24%
What is Ruka's representative color? Forest Green
23%
What is Pharita's birth name? Pharita Boonpakdeethaveeyod
23%
Who has her own room in their dorm? Asa
22%
Who was in the cover group RedRose? Chiquita
22%
Who auditioned with ‘Roller Coaster’ by CHUNGHA? Rora
21%
Which one isn't a Chiquita's nickname? Cat
20%
Whose specialty is playing the flugelhorn? Chiquita
20%
What is Rora's representative color? Lemon Yellow
20%
After how many days did they receive their first music show win? 31 days
19%
Who is in Class 1-6, under the Department of Applied Music? Ahyeon
19%
Who was a musical singer? Ahyeon
18%
Who was under PLATINUM PRODUCTION between 2017-2018? Ruka
18%
What is Ahyeon's representative color? Bright Orange
17%
What is Pharita's representative color? Red
17%
Who auditioned with “The Show” by Lenka? Ahyeon
16%
Who is been modelling since she was 2? Rami
16%
Who is classmates with CLASS:y‘s Jimin, RESCENE’s Ito Minami and CANDY SHOP’s Choi Sarang? Ahyeon
15%
Who participated in the LADYBIRD Green Musical in 2017? Asa
15%
Who did musical theater, pre-debut? Asa
15%
Who is Rora's roommate? Rami
15%
Who was a part of The 12th Yulgok Student Music Festival? Rora
15%
Who starred in Ueda Atsumi‘s “Happy Halloween!” MV? Ruka
15%
Who attended Ara Dance Academy? Ahyeon
7%
No matching quizzes found
Score Distribution
Percent of People with Each Score
Percentile by Number Answered
Your Score History
You have not taken this quiz